000 00275nam a2200097Ia 4500
008 171211s9999 xx 000 0 und d
245 4 _aThe Benchmarking Book
260 _c2009
650 _xEngineering and Technology
856 _uhttp://down.ebook777.com/064/9780750689052.pdf
999 _c350296
_d350296